¿Cómo logran las escuelas comprometer afectivamente a sus profesores? : Desafíos para la gestión escolar /

El presente estudio identifica los factores de la organización escolar que influyen en el compromiso organizacional afectivo que presentan los profesores de enseñanza básica de la ciudad de Santiago de Chile. El diseño de la investigación es de tipo descriptivo y correlacional, y se utilizan técnica...

Descripción completa

Detalles Bibliográficos
Autor principal: Zamora Poblete, Guillermo
Formato: Analitica de revista
Lenguaje:español
Publicado: Santiago, Chile Pontificia Universidad Católica de Chile 2007
Materias:

MARC

LEADER 00000cab a2200000 a 4500
001 026102
003 UAHC_CL
005 20180724172817.0
008 090422s cl 000 spa
952 |0 0  |1 0  |2 ddc  |4 0  |6 BOL___INVEST__EDUC_02_07_000000000000000  |7 0  |8 COMP  |9 52890  |a BC  |b BC  |c General  |d 2017-08-03  |l 0  |o BOL. INVEST. EDUC.-02/07  |r 2018-01-17 00:00:00  |w 2017-08-03  |y REVA 
999 |c 26102  |d 26102 
040 |a UAHC_CL  |c UAHC_CL  |d UAHC_CL 
100 1 |a Zamora Poblete, Guillermo 
245 1 0 |a ¿Cómo logran las escuelas comprometer afectivamente a sus profesores? :  |b Desafíos para la gestión escolar /  |c Guillermo Zamora Poblete. 
260 |b Pontificia Universidad Católica de Chile  |c 2007  |a Santiago, Chile 
300 |a p. 177-192 
500 |a En: Boletín de investigación educacional, nº02, vol. 22, 2007. p. 177-192. ISSN 07172494. 
520 |a El presente estudio identifica los factores de la organización escolar que influyen en el compromiso organizacional afectivo que presentan los profesores de enseñanza básica de la ciudad de Santiago de Chile. El diseño de la investigación es de tipo descriptivo y correlacional, y se utilizan técnicas de análisis cualitativas y cuantitativas. 
650 4 |a Organización escolar 
650 4 |a Organización escolar 
653 |a PEDAGOGIA EN EDUCACION BASICA 
773 0 |t Boletín de Investigación Educacional.  |w 025995 
900 |a BOL. INVEST. EDUC.-02/07 
942 |c REVA  |2 ddc